[Event "III  Wielkopolska  Liga  Seniorow   2013/2014"]
[Site "Wielkopolska "]
[Date "1899-12-30"]
[Round "4.28"]
[White "Glatty, Zbigniew"]
[Black "Wojtkowski, Pawel"]
[Result "1-0"]
[WhiteTitle "I"]
[BlackTitle "I"]
[WhiteElo "1918"]
[BlackElo "1909"]

1. e4 c6 2. d4 d5 3. Nc3 dxe4 4. Nxe4 Bf5 5. Ng3 Bg6 6. Nf3 Nd7 7. h4 h6 8. h5
Bh7 9. Bd3 Bxd3 10. Qxd3 e6 11. Bd2 Ngf6 12. O-O-O Bd6 13. Ne4 Nxe4 14. Qxe4 Nf6
15. Qe2 Qc7 16. Ne5 O-O-O 17. f4 c5 18. dxc5 Bxc5 19. Rh3 Nd5 20. Kb1 Rhe8 21.
c4 Nb6 22. b3 f6 23. Ng6 Qd6 24. Kc2 Qc6 25. Qf3 Qxf3 26. Rxf3 Nd7 27. Bc3 Nf8
28. Rfd3 Rxd3 29. Rxd3 Kc7 30. b4 Nxg6 31. hxg6 Be7 32. c5 a5 33. a3 axb4 34.
axb4 Kc6 35. Kb3 Rd8 36. Rxd8 Bxd8 37. Kc4 Kd7 38. b5 Be7 39. g4 Bf8 40. f5 exf5
41. gxf5 h5 42. Be1 Be7 43. Kd5 Bd8 44. c6+ bxc6+ 45. bxc6+ Kc7 46. Bf2 Kc8 47.
Ke6 Kc7 48. Kf7 1-0

[Event "III  Wielkopolska  Liga  Seniorow   2013/2014"]
[Site "Wielkopolska "]
[Date "1899-12-30"]
[Round "4.29"]
[White "Kaczmarek, Piotr"]
[Black "Rozumek, Krzysztof"]
[Result "1-0"]
[WhiteTitle "I+"]
[BlackTitle "I+"]
[WhiteElo "1878"]
[BlackElo "1970"]

1. c4 Nf6 2. Nc3 e6 3. g3 d5 4. Bg2 c6 5. b3 Nbd7 6. Nf3 Be7 7. O-O O-O 8. d3 e5
9. Qc2 Bd6 10. e4 d4 11. Ne2 Qe7 12. Nh4 Nc5 13. b4 Na6 14. a3 b6 15. h3 c5 16.
b5 Nc7 17. f4 a6 18. Nf5 Bxf5 19. exf5 Ra7 20. bxa6 Rxa6 21. g4 Nd7 22. fxe5 Bxe5
23. Nf4 Qd6 24. Bd2 b5 25. cxb5 Nxb5 26. a4 Nc3 27. Kh1 Nb6 28. a5 Nbd5 29. Nxd5
Nxd5 30. Ra4 Rb8 31. Rb1 Nc3 32. Bxc3 dxc3 33. Be4 Bd4 34. Ra2 Rb2 35. Rbxb2 cxb2
36. Rxb2 Bxb2 37. Qxb2 Rxa5 38. Qb7 Ra1+ 39. Kg2 Ra2+ 40. Kf3 g5 41. fxg6 Qf6+
42. Bf5 hxg6 43. Qc8+ Kg7 44. Qxc5 gxf5 45. gxf5 Qb2 46. Qg1+ Kf6 47. Ke3 Qb6+
48. d4 Ra3+ 49. Kf4 Qc6 50. Qg5# 1-0

[Event "III  Wielkopolska  Liga  Seniorow   2013/2014"]
[Site "Wielkopolska "]
[Date "1899-12-30"]
[Round "4.31"]
[White "Mocny, Tomasz"]
[Black "Nadstoga, Wojciech"]
[Result "1-0"]
[WhiteTitle "I"]
[BlackTitle "I+"]
[WhiteElo "1920"]
[BlackElo "2020"]

1. d4 g6 2. c4 Bg7 3. e4 c5 4. d5 b5 5. cxb5 a6 6. Nc3 axb5 7. Bxb5 Qa5 8. Qd3
Ba6 9. Bd2 Bxc3 10. Bxc3 Qxb5 11. Qxb5 Bxb5 12. Bxh8 f6 13. g4 Ra4 14. f3 Nh6
15. Bg7 Ng8 16. g5 Kf7 17. Bh8 Na6 18. Ne2 Nb4 19. Nc3 Nc2+ 20. Kd2 Nxa1 21. Nxa4
Bxa4 22. Rxa1 fxg5 23. Rg1 h6 24. b3 Bb5 25. a4 Ba6 26. Kc3 d6 27. b4 cxb4+ 28.
Kxb4 e6 29. Ka5 Bc4 30. dxe6+ Kxe6 31. h4 Ne7 32. hxg5 h5 33. Kb6 d5 34. Kc5 Be2
35. Bf6 dxe4 36. fxe4 Nc8 37. Rb1 Bf3 38. Rb8 Kd7 39. Rb7+ Ke6 40. Rc7 Nd6 41.
Re7# 1-0

[Event "III  Wielkopolska  Liga  Seniorow   2013/2014"]
[Site "Wielkopolska "]
[Date "1899-12-30"]
[Round "4.32"]
[White "Wesolowski, Edgar"]
[Black "Pilzak, Marcin"]
[Result "1/2-1/2"]
[WhiteTitle "I++"]
[BlackTitle "I"]
[WhiteElo "2001"]
[BlackElo "1823"]

1. c4 e5 2. Nc3 Nc6 3. g3 d6 4. Bg2 Nge7 5. Nf3 g6 6. O-O Bg7 7. d3 O-O 8. Bd2
h6 9. Rb1 a5 10. a3 Bg4 11. h3 Be6 12. b4 axb4 13. axb4 Qd7 14. Kh2 Nd4 15. Ng1
c6 16. b5 g5 17. e3 Ndf5 18. Na4 Qc7 19. f4 gxf4 20. exf4 exf4 21. Bxf4 Ng6 22.
bxc6 bxc6 23. Bd2 d5 24. Ne2 Be5 25. cxd5 Nxg3 26. Nxg3 Bxg3+ 27. Kh1 Bxd5 28.
Bxd5 cxd5 29. Nb6 Ra2 30. Nxd5 Qd6 31. Nf6+ Kh8 32. Ne4 Qe6 33. Qh5 Bh4 34. Qxh6+
Kg8 35. Qe3 Re8 36. Rb6 Qd7 37. Rg1 Rxd2 1/2-1/2

[Event "III  Wielkopolska  Liga  Seniorow   2013/2014"]
[Site "Wielkopolska "]
[Date "1899-12-30"]
[Round "4.33"]
[White "Fularz, Maciej"]
[Black "Hanusek, Krzysztof"]
[Result "1/2-1/2"]
[WhiteTitle "I"]
[BlackTitle "I"]
[WhiteElo "2007"]
[BlackElo "1821"]

1. e4 e5 2. Nf3 Nc6 3. Bb5 a6 4. Ba4 Nf6 5. d3 b5 6. Bb3 Be7 7. O-O d6 8. h3 Na5
9. Nc3 c5 10. Nd5 Nxb3 11. Nxf6+ Bxf6 12. axb3 g5 13. Nh2 h5 14. f3 Be6 15. Be3
Be7 16. c3 f6 17. d4 Qc7 18. dxc5 dxc5 19. Qc2 Kf7 20. Rfd1 c4 21. b4 Qc6 22.
Kf2 Rag8 23. Rg1 g4 24. hxg4 hxg4 25. Nf1 Qc8 26. Ng3 gxf3 27. gxf3 Rh2+ 28. Rg2
Rxg2+ 29. Kxg2 f5 30. exf5 Bxf5 31. Qd2 Bh4 32. Bf2 Qc6 33. Rh1 Bg5 34. Be3 Rd8
35. Qf2 Bxe3 36. Qxe3 Rd3 37. Qf2 Bg6 38. Qa7+ Kf6 39. Rf1 Rd7 40. Qb8 Qd6 41.
Ne4+ Bxe4 42. fxe4+ Kg7 43. Qxd6 Rxd6 44. Rf2 Rg6+ 45. Kf3 Rf6+ 46. Ke3 Rxf2 47.
Kxf2 Kg6 48. Kg2 Kh6 49. Kh2 Kg6 50. Kg2 Kf6 1/2-1/2

[Event "III  Wielkopolska  Liga  Seniorow   2013/2014"]
[Site "Wielkopolska "]
[Date "1899-12-30"]
[Round "4.34"]
[White "Wawrzyniak, Pawel"]
[Black "Glapa, Witold"]
[Result "1-0"]
[WhiteTitle "II"]
[BlackTitle "I"]
[WhiteElo "1798"]
[BlackElo "1729"]

1. d4 d5 2. c4 e6 3. Nc3 c6 4. cxd5 exd5 5. Bf4 f5 6. e3 Nf6 7. Nf3 Be7 8. Bd3
Ne4 9. Ne5 O-O 10. f3 Bh4+ 11. g3 Nxc3 12. bxc3 g5 13. Qe2 gxf4 14. gxh4 Qxh4+
15. Kd1 Nd7 16. Qg2+ Kh8 17. Rg1 Qf6 18. exf4 Nxe5 19. fxe5 Qf7 20. f4 Be6 21.
Kd2 Rg8 22. Qf2 Qh5 23. Rxg8+ Rxg8 24. Rg1 Qh6 25. Rxg8+ Kxg8 26. Qg3+ Kf7 27.
Ke3 b6 28. h4 Qg6 29. Qg5 Kg7 30. h5 Qxg5 31. fxg5 c5 32. Kf4 c4 33. Bxf5 Bxf5
34. Kxf5 b5 35. Ke6 b4 36. h6+ Kg8 37. Kf6 Kf8 38. g6 1-0

[Event "III  Wielkopolska  Liga  Seniorow   2013/2014"]
[Site "Wielkopolska "]
[Date "1899-12-30"]
[Round "4.35"]
[White "Szymkowiak, Damian"]
[Black "Kowalewicz, Kacper"]
[Result "1-0"]
[WhiteTitle "II"]
[BlackTitle "II+"]
[WhiteElo "1619"]
[BlackElo "1722"]

1. d4 d5 2. c4 e6 3. Nc3 c6 4. Nf3 f5 5. Qc2 Nf6 6. Bg5 Bd6 7. Ne5 O-O 8. f4 Qe8
9. e3 Ne4 10. Nxe4 fxe4 11. O-O-O h6 12. Bh4 Nd7 13. c5 Bxe5 14. fxe5 g5 15. Bg3
h5 16. Be2 Qg6 17. Rdf1 Kg7 18. Rxf8 Nxf8 19. Qd1 Kh6 20. Rf1 Nh7 21. h4 g4 22.
Bf4+ Kg7 23. Qb3 Qe8 24. Qd1 b6 25. Bg5 Nxg5 26. hxg5 Qg6 27. Rf6 Qxg5 28. Qf1
Qxe3+ 29. Kb1 Qg5 30. Rf7+ Kh6 31. Rf8 Bb7 32. Rf6+ Kg7 33. Rf7+ Kg8 34. Rxb7
Rf8 35. Qd1 bxc5 36. Rxa7 Rb8 37. a4 c4 38. a5 Qe3 39. a6 Rb6 40. Ra8+ Kg7 41.
Ra7+ Kg6 42. Ra8 c3 43. b3 c2+ 44. Qxc2 Rxb3+ 45. Ka2 Ra3+ 46. Kb2 Ra5 47. Kb1
Qxd4 48. Qb2 Qg1+ 49. Kc2 d4 50. Rg8+ Kf5 51. Rf8+ Kxe5 52. Qb8+ 1-0

[Event "III  Wielkopolska  Liga  Seniorow   2013/2014"]
[Site "Wielkopolska "]
[Date "1899-12-30"]
[Round "4.36"]
[White "Wesolowska, Katarzyna"]
[Black "Glapa, Anna"]
[Result "0-1"]
[WhiteTitle "I++"]
[BlackTitle "I++"]
[WhiteElo "1692"]
[BlackElo "1678"]

1. e4 c5 2. c3 d5 3. exd5 Qxd5 4. d4 e6 5. Nf3 Nf6 6. Be3 cxd4 7. cxd4 Be7 8. Nc3
Qd6 9. a3 Nc6 10. Bc4 a6 11. b4 b5 12. Ba2 Bb7 13. O-O O-O 14. Qe2 Rac8 15. Rac1
Nb8 16. h3 Nd5 17. Nxd5 Bxd5 18. Rfd1 Bf6 19. Bxd5 Qxd5 20. Qd3 Nd7 21. Rc3 Nb6
22. Rdc1 Rxc3 23. Rxc3 Na4 24. Rc2 Rd8 25. Rd2 Nb6 26. Rc2 e5 27. Rc5 Qd6 28.
Qe4 exd4 29. Rc6 Qb8 30. Nxd4 Re8 31. Qb1 Qb7 32. Rc1 Nc4 33. Qd3 h6 34. Re1 Rd8
35. Qc3 Qd5 36. Rd1 Qe4 37. Qb3 Bxd4 0-1

[Event "III  Wielkopolska  Liga  Seniorow   2013/2014"]
[Site "Wielkopolska "]
[Date "1899-12-30"]
[Round "5.1"]
[White "Staniszewski, Pawel"]
[Black "Steczek, Marcin"]
[Result "0-1"]
[WhiteTitle "k"]
[BlackTitle "FM"]
[WhiteElo "2151"]
[BlackElo "2373"]

1. d4 Nf6 2. Nf3 e6 3. c4 Bb4+ 4. Bd2 Qe7 5. Qc2 O-O 6. g3 Bxd2+ 7. Nbxd2 d6 8.
Bg2 e5 9. e3 Nc6 10. d5 Nb4 11. Qc3 a5 12. O-O e4 13. Nd4 c5 14. dxc6 Nxc6 15.
Nxc6 bxc6 16. h3 h5 17. Rfd1 c5 18. b3 Bb7 19. a3 h4 20. g4 Nh7 21. b4 Ng5 22.
Nf1 f5 23. Nh2 fxg4 24. Nxg4 Bc8 25. Qd2 axb4 26. axb4 Rxa1 27. Rxa1 cxb4 28.
Ra5 Be6 29. Qxb4 Bxg4 30. hxg4 h3 31. Bh1 Qf6 32. Qd2 g6 33. Qd5+ Kh7 34. Ra2
Nf3+ 35. Kf1 Nh2+ 36. Ke1 Qc3+ 37. Rd2 Nf3+ 38. Bxf3 exf3 39. Qxd6 Qc1+ 40. Rd1
Qxc4 41. Qe7+ Rf7 42. Qh4+ Kg7 0-1

[Event "III  Wielkopolska  Liga  Seniorow   2013/2014"]
[Site "Wielkopolska "]
[Date "1899-12-30"]
[Round "5.2"]
[White "Meczynski, Waldemar"]
[Black "Kaluzny, Lukasz"]
[Result "1/2-1/2"]
[WhiteTitle "k"]
[BlackTitle "I+"]
[WhiteElo "2129"]
[BlackElo "1979"]

1. e4 c5 2. Nf3 Nc6 3. d4 cxd4 4. Nxd4 Nf6 5. Nc3 d6 6. Bg5 e6 7. Qd2 a6 8. O-O-O
Bd7 9. f4 b5 10. Bxf6 gxf6 11. Nxc6 Bxc6 12. Bd3 b4 13. Ne2 Qb6 14. Kb1 a5 15.
Rhf1 Qc5 16. Rc1 a4 17. c3 b3 18. a3 Bb5 19. Bxb5+ Qxb5 20. Nd4 Qc5 21. Qe2 Ra5
22. Rcd1 h5 23. f5 e5 24. Nf3 Qc6 25. Rd3 Rg8 26. h3 Ra8 27. Rfd1 Rd8 28. Rd5
Ke7 29. Nd2 Rc8 30. Nf1 Qc4 31. R1d3 Rc6 32. g3 h4 33. g4 Bh6 34. Qf3 Bf4 35.
Ne3 Bxe3 36. Qxe3 Rd8 37. Kc1 Rc5 38. g5 Rxd5 39. gxf6+ Kxf6 40. Qh6+ Ke7 41.
Qxh4+ Kd7 42. Rxd5 Qf1+ 43. Rd1 Qe2 44. Rxd6+ Kxd6 45. Qxd8+ Kc6 46. Qd5+ Kb6
47. Qd6+ Kb7 48. Qe7+ Kc6 49. Qf6+ Kb7 50. Qxf7+ Kc6 51. Qd5+ Kb6 52. Qd6+ Kb7
53. Qd7+ Kb6 54. Qe6+ Kb7 55. Qd7+ Kb6 56. Qd8+ Kb7 57. Qe7+ Kb6 58. Qb4+ Kc7
59. Qa5+ Kb7 60. Qb4+ Kc7 61. Qe7+ Kb6 62. Qd6+ Kb7 63. Qd7+ Kb6 1/2-1/2

[Event "III  Wielkopolska  Liga  Seniorow   2013/2014"]
[Site "Wielkopolska "]
[Date "1899-12-30"]
[Round "5.3"]
[White "Chojnacki, Tomasz"]
[Black "Walaszczyk, Witold"]
[Result "0-1"]
[WhiteTitle "I+"]
[BlackTitle "k"]
[WhiteElo "1919"]
[BlackElo "2151"]

1. e4 c6 2. d4 d5 3. exd5 cxd5 4. c4 Nf6 5. Nc3 e6 6. Nf3 Nc6 7. c5 Be7 8. Bb5
O-O 9. Bxc6 bxc6 10. Qa4 Qc7 11. Ne5 Bxc5 12. Qxc6 Qxc6 13. Nxc6 Bb6 14. Be3 Ba6
15. Nb4 Bb7 16. f3 Rac8 17. Nd3 Nd7 18. Kd2 e5 19. Ne2 Rfe8 20. Nxe5 Nxe5 21.
dxe5 Ba5+ 22. Nc3 Rc4 23. Bxa7 d4 24. Bxd4 Rxd4+ 25. Kc2 Rxe5 26. Rhe1 Rxe1 27.
Rxe1 Kf8 28. a3 Bc7 29. Nb5 Rc4+ 30. Kd3 Rc5 31. Nxc7 Rxc7 32. b4 Ba6+ 33. Kd2
Bb5 34. Re5 Bf1 35. g3 f6 36. Ra5 Ke7 37. a4 Kd6 38. b5 Kc5 39. Ra6 Kb4 40. Ra8
Rb7 41. b6 Rxb6 42. Ra7 g5 43. Rxh7 Kc4 44. Rc7+ Kd4 45. Rd7+ Ke5 46. Re7+ Kf5
47. h4 gxh4 48. gxh4 Rb4 49. h5 Rxa4 50. Re4 Rxe4 51. fxe4+ Kg5 52. Ke3 Kxh5 53.
e5 f5 54. e6 Kg4 55. Kd4 Bb5 0-1

[Event "III  Wielkopolska  Liga  Seniorow   2013/2014"]
[Site "Wielkopolska "]
[Date "1899-12-30"]
[Round "5.4"]
[White "Swiatnicki, Andrzej"]
[Black "Kaluzny, Tomasz"]
[Result "1/2-1/2"]
[WhiteTitle "k"]
[BlackTitle "I"]
[WhiteElo "2116"]
[BlackElo "1778"]

1. d4 d5 2. Nc3 Nf6 3. Bg5 Nbd7 4. f3 e6 5. e4 Be7 6. e5 Ng8 7. Bxe7 Nxe7 8. f4
a6 9. Nf3 c5 10. Qd2 b5 11. a3 Rb8 12. Be2 Qb6 13. dxc5 Nxc5 14. Nd4 Bd7 15. Bf3
Nc6 16. Nce2 Nxd4 17. Nxd4 Qc7 18. O-O a5 19. Rae1 O-O 20. f5 exf5 21. Bxd5 g6
22. Nxf5 Bxf5 23. Rxf5 gxf5 24. Qg5+ Kh8 25. Qf6+ Kg8 26. Re3 Ne4 27. Rg3+ Nxg3
28. Qg5+ Kh8 29. Qf6+ Kg8 1/2-1/2

[Event "III  Wielkopolska  Liga  Seniorow   2013/2014"]
[Site "Wielkopolska "]
[Date "1899-12-30"]
[Round "5.5"]
[White "Kaluzny, Jan"]
[Black "Smagalski, Slawomir"]
[Result "0-1"]
[WhiteTitle "II"]
[BlackTitle "I+"]
[WhiteElo "1411"]
[BlackElo "2009"]

1. e4 e5 2. Nf3 Nc6 3. Bc4 Bc5 4. c3 Nf6 5. d4 exd4 6. e5 Ne4 7. cxd4 Bb4+ 8. Bd2
Nxd2 9. Nbxd2 d5 10. Bb5 Bd7 11. O-O O-O 12. a3 Bxd2 13. Qxd2 Nxe5 14. Nxe5 Bxb5
15. Rfc1 c6 16. a4 Ba6 17. b4 f6 18. Nf3 Re8 19. Re1 Qd6 20. Qb2 Qd7 21. Rab1
Bc4 22. Nd2 Bd3 23. Rbc1 Rxe1+ 24. Rxe1 Re8 25. Ra1 a6 26. Qc3 Qf5 27. Nf3 Re2
28. Rd1 Be4 29. Nd2 Qxf2+ 30. Kh1 Bxg2# 0-1

[Event "III  Wielkopolska  Liga  Seniorow   2013/2014"]
[Site "Wielkopolska "]
[Date "1899-12-30"]
[Round "5.6"]
[White "Swiatnicka, Malgorzata"]
[Black "Cholewa, Maria"]
[Result "0-1"]
[WhiteTitle "I"]
[BlackTitle "I++"]
[WhiteElo "1841"]
[BlackElo "1861"]

1. e4 e5 2. Nf3 Nc6 3. Bc4 Bc5 4. c3 Nf6 5. d3 h6 6. O-O d6 7. h3 O-O 8. Nbd2 a6
9. Bb3 Ne7 10. d4 exd4 11. cxd4 Ba7 12. Re1 Nc6 13. Nf1 Re8 14. Ng3 Bb6 15. Qd3
Nh7 16. Bd2 a5 17. a3 a4 18. Bc2 Nf8 19. Bc3 Ba5 20. Qb5 Bxc3 21. bxc3 Ra5 22.
Qc4 Na7 23. Rab1 b5 24. Qe2 Ng6 25. Qd2 Ra6 26. Ne2 Qf6 27. Qd3 Nf8 28. g4 g6
29. Qe3 Qg7 30. Nf4 Bb7 31. Qd3 Ne6 32. Nd5 c6 33. Nb4 Rb6 34. Qe3 c5 35. d5 Nf8
36. Na2 Bxd5 37. Nc1 Rbb8 38. Qd3 Bc4 39. Qe3 Nc6 40. Ne2 Ne6 41. Nd2 Ne5 42.
f4 Bxe2 43. Rxe2 Nd7 44. f5 Nc7 45. Qf4 Ne5 46. f6 Qf8 47. Nf3 Nc4 48. Rbe1 Nxa3
49. e5 Nxc2 50. Rxc2 Ne6 51. Qe4 dxe5 52. Nxe5 Ng5 53. Qd3 c4 54. Qg3 Qc5+ 55.
Kh2 Rxe5 56. Rxe5 Qxe5 57. h4 Qxg3+ 58. Kxg3 Ne4+ 59. Kf4 Nxf6 60. g5 hxg5+ 61.
hxg5 Nd5+ 62. Ke4 Ne7 63. Kd4 Nf5+ 64. Kc5 Ne3 65. Re2 Nd1 66. Rc2 Kf8 67. Rc1
Nf2 68. Rg1 Nd3+ 69. Kc6 b4 70. cxb4 Rxb4 0-1

[Event "III  Wielkopolska  Liga  Seniorow   2013/2014"]
[Site "Wielkopolska "]
[Date "1899-12-30"]
[Round "5.7"]
[White "Szadkowski, Kamil"]
[Black "Niedbala, Wojciech"]
[Result "1-0"]
[WhiteTitle "k+"]
[BlackTitle "I"]
[WhiteElo "2212"]
[BlackElo "1803"]

1. e4 c5 2. Nf3 d6 3. d4 cxd4 4. Nxd4 Nf6 5. Nc3 a6 6. Bc4 e6 7. Bb3 Nbd7 8. f4
Nc5 9. f5 Be7 10. O-O O-O 11. Qf3 Bd7 12. g4 b5 13. g5 Ne8 14. Qg2 Nxb3 15. axb3
d5 16. fxe6 fxe6 17. exd5 Bc5 18. Rxf8+ Kxf8 19. Be3 Kg8 20. b4 Bb6 21. Re1 e5
22. Nf3 Nd6 23. Nxe5 Bxe3+ 24. Rxe3 Qb6 25. Qf2 Re8 26. Re2 Qxf2+ 27. Kxf2 Bf5
28. Nd3 Rf8 29. Kg2 Bxd3 30. cxd3 Rf5 31. Ne4 Rxd5 32. Nc5 a5 33. Ne6 axb4 34.
d4 Nf5 35. Re4 Kf7 36. Kf3 Rd6 37. Kf4 g6 38. Nc7 Nxd4 39. Ke5 Rd7 40. Rf4+ Kg7
41. Ne8+ 1-0

[Event "III  Wielkopolska  Liga  Seniorow   2013/2014"]
[Site "Wielkopolska "]
[Date "1899-12-30"]
[Round "5.8"]
[White "Jarmuzek, Karolina"]
[Black "Szadkowski, Krzysztof"]
[Result "1/2-1/2"]
[WhiteTitle "I+"]
[BlackTitle "k"]
[WhiteElo "1685"]
[BlackElo "2161"]

1. e4 Nf6 2. e5 Nd5 3. d4 d6 4. c4 Nb6 5. exd6 exd6 6. h3 Be7 7. Nf3 O-O 8. Bd3
Nc6 9. Nc3 Bf6 10. O-O g6 11. Bh6 Re8 12. d5 Ne5 13. Nxe5 Bxe5 14. Qd2 Bd7 15.
Rae1 Qh4 16. Ne4 Bxh3 17. gxh3 f5 18. Qg5 Qxh3 19. Ng3 Kf7 20. Be2 Bf6 21. Qd2
Nd7 22. b4 Ne5 23. c5 Kg8 24. Bg5 Bg7 25. cxd6 cxd6 26. Rc1 h6 27. Be3 Re7 28.
Rc2 Ng4 29. Bxg4 Qxg4 30. Rfc1 Rae8 31. Rc4 Re4 32. Rxe4 Rxe4 33. Rc8+ Kh7 34.
Rc7 Kg8 35. Rc8+ Kh7 36. Rc7 Kg8 1/2-1/2

[Event "III  Wielkopolska  Liga  Seniorow   2013/2014"]
[Site "Wielkopolska "]
[Date "1899-12-30"]
[Round "5.9"]
[White "Matlewski, Adam"]
[Black "Wojciechowski, Antoni"]
[Result "1/2-1/2"]
[WhiteTitle "II+"]
[BlackTitle "II+"]
[WhiteElo "1604"]
[BlackElo "1520"]

1. Nf3 Nf6 2. c4 g6 3. Nc3 Bg7 4. d4 d6 5. e4 O-O 6. h3 Nbd7 7. Be3 e5 8. Be2 Nh5
9. O-O Nf4 10. Qd2 Nxe2+ 11. Nxe2 Nb6 12. b3 f5 13. exf5 Bxf5 14. Bg5 Qe8 15.
dxe5 Bxh3 16. Bh6 Rxf3 17. gxf3 Bxf1 18. Rxf1 Bxh6 19. Qxh6 Qxe5 20. Ng3 Rf8 21.
Kg2 Qf4 22. Qxf4 Rxf4 23. Re1 Kf7 24. Ne4 Rf5 25. Nc3 a6 26. Rc1 Re5 27. Rc2 Ke6
28. Nd5 Nxd5 29. cxd5+ Kd7 30. Rd2 Rg5+ 31. Kh3 c6 32. dxc6+ bxc6 33. f4 Rg1 34.
f3 d5 35. Kh2 Re1 36. Kg3 Ra1 37. Rh2 h5 38. Rg2 Ke6 39. Re2+ Kf6 40. Rc2 Kf7
41. a4 Rb1 42. Rxc6 Rxb3 43. Rxa6 d4 44. Rd6 d3 45. a5 Ra3 46. a6 d2 47. Rxd2
1/2-1/2

[Event "III  Wielkopolska  Liga  Seniorow   2013/2014"]
[Site "Wielkopolska "]
[Date "1899-12-30"]
[Round "5.10"]
[White "Strozyk, Aleksandra"]
[Black "Leskiewicz, Ignacy"]
[Result "0-1"]
[WhiteTitle "II+"]
[BlackTitle "I"]
[WhiteElo "1392"]
[BlackElo "1624"]

1. e4 c5 2. b4 cxb4 3. Bb2 Nf6 4. e5 Nd5 5. d4 Nc6 6. c4 bxc3 7. Nxc3 Nxc3 8. Bxc3
d5 9. Bd3 e6 10. f4 Be7 11. Nf3 a6 12. O-O b5 13. Qe1 b4 14. Bd2 Qb6 15. Qe3 Bb7
16. f5 exf5 17. Bxf5 Nxd4 18. Kh1 Bc5 19. Bxb4 Qxb4 20. Nxd4 Bxd4 21. Qf4 Bc3
22. Qxb4 Bxb4 23. Rab1 a5 24. a3 Ba6 25. Rfd1 Bxa3 26. Rxd5 Bb4 27. Rbd1 O-O 28.
R1d4 Rfb8 29. e6 fxe6 30. Bxe6+ Kh8 31. Bg4 a4 32. Rd7 a3 33. Bf3 a2 34. Rd1 Be2
35. Bxa8 Bxd1 36. Ra7 Bb3 37. g3 Bc3 38. Rb7 Rxb7 39. Bxb7 a1=Q+ 40. Kg2 Qd1 41.
Kh3 Qf1+ 42. Bg2 Qf5+ 43. Kh4 Bf6# 0-1

[Event "III  Wielkopolska  Liga  Seniorow   2013/2014"]
[Site "Wielkopolska "]
[Date "1899-12-30"]
[Round "5.11"]
[White "Przerwa, Sebastian"]
[Black "Koperska, Nina"]
[Result "1-0"]
[WhiteTitle "II"]
[BlackTitle "II"]
[WhiteElo "1596"]
[BlackElo "1355"]

1. e4 c5 2. Nf3 Nc6 3. d4 cxd4 4. Nxd4 g6 5. Nc3 Bg7 6. Be3 Nf6 7. f3 O-O 8. Qd2
d5 9. Nxc6 bxc6 10. exd5 cxd5 11. O-O-O e6 12. g4 Bd7 13. h4 h5 14. g5 Nh7 15.
Bd4 Bxd4 16. Qxd4 Qa5 17. Bh3 Rab8 18. Nxd5 exd5 19. Bxd7 Qxa2 20. Ba4 Qa1+ 21.
Kd2 Qxb2 22. Qxb2 Rxb2 23. Bb3 Rc8 24. Ra1 Rc7 25. Ra3 Nf8 26. Kc1 Rxb3 27. Rxb3
Ne6 28. Re1 Nd4 29. Re8+ Kg7 30. Rbb8 f5 31. gxf6+ Kxf6 32. Rf8+ Ke5 33. Rbe8+
Kd6 34. Rd8+ Ke5 35. Rde8+ Kd6 36. Rf6+ Kd7 37. Rb8 Rxc2+ 38. Kd1 Re2 39. Ra6
Re7 40. Rf8 Re6 41. Rf7+ Ke8 42. Raxa7 Nxf3 43. Rfb7 1-0

[Event "III  Wielkopolska  Liga  Seniorow   2013/2014"]
[Site "Wielkopolska "]
[Date "1899-12-30"]
[Round "5.12"]
[White "Choremska, Zuzanna"]
[Black "Momot, Weronika"]
[Result "1-0"]
[WhiteTitle "II+"]
[BlackTitle "I"]
[WhiteElo "1307"]
[BlackElo "1500"]

1. e4 e6 2. d4 d5 3. Nc3 dxe4 4. Nxe4 Bd7 5. Nf3 Bc6 6. Bd3 Be7 7. O-O Nf6 8. Re1
O-O 9. b3 b6 10. Bb2 Bb7 11. c4 Nbd7 12. Qc2 Bxe4 13. Bxe4 Nxe4 14. Qxe4 Nf6 15.
Qe3 Re8 16. Rad1 Qc8 17. Ne5 Qb7 18. Rd3 Rad8 19. Qf4 Bd6 20. Qg3 Bxe5 21. Qxe5
Kh8 22. Qg5 Rg8 23. d5 h6 24. Bxf6 Kh7 25. Rh3 Qc8 26. Bxg7 1-0

[Event "III  Wielkopolska  Liga  Seniorow   2013/2014"]
[Site "Wielkopolska "]
[Date "1899-12-30"]
[Round "5.13"]
[White "Zakrzewski, Marek"]
[Black "Przybylski, Bartosz"]
[Result "0-1"]
[WhiteTitle "k"]
[BlackTitle "I+"]
[WhiteElo "2166"]
[BlackElo "2105"]

1. e4 c5 2. Nf3 e6 3. d4 cxd4 4. Nxd4 a6 5. Nc3 Qc7 6. Bd3 Nc6 7. Be3 Nf6 8. O-O
Ne5 9. h3 Bc5 10. Kh1 d6 11. f4 Ned7 12. Qe1 O-O 13. a4 Qb6 14. a5 Qa7 15. Qf2
e5 16. Nf5 Bxe3 17. Nxe3 exf4 18. Qxf4 Ne5 19. Ne2 Qc5 20. Ng3 Ng6 21. Qf2 Be6
22. Qd2 Qe5 23. Ngf5 Nxe4 24. Bxe4 Qxe4 25. Qxd6 Rad8 26. Qc5 Nf4 27. Nd6 Qc6
28. Qxc6 bxc6 29. Nb7 Rd4 30. Nc5 Nh5 31. Rfd1 Rxd1+ 32. Rxd1 g6 33. b4 Bc8 34.
Rd6 Re8 35. Rxc6 f5 36. Nd5 Kg7 37. Kg1 f4 38. Kf2 g5 39. Nc7 Re3 40. N7xa6 Ng3
41. Nd3 Re2+ 42. Kg1 Rd2 43. Nf2 Bf5 44. Nc5 Re2 45. Ncd3 Bxd3 46. Nxd3 Rd2 47.
Re6 Rxc2 48. Re1 Ra2 49. Nc5 h5 50. a6 g4 51. hxg4 hxg4 52. b5 f3 53. gxf3 gxf3
54. Re7+ Kf8 55. Ne6+ Kxe7 56. Nf4 Ne2+ 57. Nxe2 fxe2 58. Kf2 Kd6 0-1

[Event "III  Wielkopolska  Liga  Seniorow   2013/2014"]
[Site "Wielkopolska "]
[Date "1899-12-30"]
[Round "5.15"]
[White "Pogorzelski, Adrian"]
[Black "Plonczak, Mateusz"]
[Result "0-1"]
[WhiteTitle "II+"]
[BlackTitle "I"]
[WhiteElo "2015"]
[BlackElo "1936"]

1. Nf3 d5 2. d4 c5 3. b3 Nc6 4. Bb2 Nf6 5. e3 Bg4 6. Be2 e6 7. h3 Bh5 8. Nbd2 Bd6
9. Rc1 O-O 10. c4 cxd4 11. Nxd4 Bxe2 12. Nxc6 Bxd1 13. Nxd8 Rfxd8 14. Bxf6 gxf6
15. Kxd1 Bb4 16. Rc2 dxc4 17. bxc4 Rac8 18. Ke2 Bxd2 19. Rxd2 Rxd2+ 20. Kxd2 Rxc4
21. Rb1 b6 22. Rb3 Kg7 23. Ra3 Rc7 24. Ra6 f5 25. a4 Rb7 26. Kc3 Kf6 27. a5 Ke5
28. axb6 axb6 29. Kc4 Rc7+ 30. Kd3 Rb7 31. Kc4 b5+ 32. Kb4 Rd7 33. Ra2 Rd5 34.
Kc3 Ke4 35. Rb2 Ke5 36. Rb4 Kf6 37. Rh4 Rc5+ 38. Kd3 Kg6 39. Rb4 Kg5 40. Rb2 Kf6
41. Rb4 h6 42. Rh4 Rd5+ 43. Ke2 Kg6 44. Rb4 Kg5 45. Kf3 e5 46. Kg3 e4 47. Rb2
Kf6 48. Ra2 Ke6 49. Ra6+ Rd6 50. Ra5 Rb6 51. Kf4 b4 52. Ra1 b3 53. g4 b2 54. gxf5+
Kf6 55. Rb1 Rb4 56. Kg4 Ke5 57. Kh5 Rb6 58. Kg4 Kf6 59. Kf4 Rb4 60. Kg4 h5+ 61.
Kxh5 Kxf5 62. Kh4 Rb5 63. Kg3 Kg5 64. h4+ Kh5 65. Kf4 Rb4 66. Kf5 Kh6 67. Kf6
Rb5 68. Kxf7 Kh5 69. Ke6 Kxh4 70. Kd6 Kg4 71. Kc6 Rb8 72. Kd5 Kf3 73. Kd4 Rb7
74. Kd5 Rd7+ 75. Ke5 Rd2 76. Rh1 Rxf2 77. Kd4 Re2 78. Rf1+ Rf2 79. Re1 Rd2+ 80.
Kc3 Re2 81. Rh1 Kxe3 82. Rh3+ Kf2 83. Rh2+ Kf3 84. Rh3+ Kg2 0-1

[Event "III  Wielkopolska  Liga  Seniorow   2013/2014"]
[Site "Wielkopolska "]
[Date "1899-12-30"]
[Round "5.16"]
[White "Zgarda, Jakub"]
[Black "Ancuta, Adam"]
[Result "0-1"]
[WhiteTitle "I"]
[BlackTitle "I+"]
[WhiteElo "1850"]
[BlackElo "1961"]

1. Nf3 Nf6 2. e3 e6 3. c4 d5 4. d4 a6 5. Nc3 dxc4 6. a4 Bd6 7. Bxc4 Nbd7 8. O-O
O-O 9. e4 e5 10. Bg5 c6 11. Rc1 b5 12. Bb3 Bb7 13. d5 Nc5 14. dxc6 Bxc6 15. Nd5
Rc8 16. Nxf6+ gxf6 17. Bh6 Re8 18. Nh4 Nxe4 19. Nf5 Kh8 20. Bg7+ Kg8 21. Qh5 Qd7
22. Bxf7+ Qxf7 23. Nh6+ Kxg7 24. Qxf7+ Kxh6 25. Rxc6 Rxc6 26. Qxe8 Rc2 27. Qe6
Rc4 28. axb5 axb5 29. b3 Rd4 30. h4 Bc5 31. Kh2 Kg7 32. f3 Nc3 33. g4 Rd2+ 34.
Kh3 Ne2 35. f4 Nxf4+ 36. Rxf4 exf4 37. g5 Bd4 38. Qd7+ Kg6 39. gxf6 Rd3+ 40. Kg4
h5+ 41. Kxf4 Be3+ 0-1

[Event "III  Wielkopolska  Liga  Seniorow   2013/2014"]
[Site "Wielkopolska "]
[Date "1899-12-30"]
[Round "5.18"]
[White "Zieta, Zuzanna"]
[Black "Kowara, Magdalena"]
[Result "0-1"]
[WhiteTitle "II"]
[BlackTitle "I++"]
[WhiteElo "1307"]
[BlackElo "1877"]

1. e4 c5 2. Nf3 e6 3. d4 cxd4 4. Nxd4 a6 5. Nc3 Qc7 6. Be3 Nf6 7. a3 b5 8. Be2
Bb7 9. f3 Be7 10. Qd2 O-O 11. O-O-O b4 12. Nb1 bxa3 13. Nxa3 d5 14. exd5 Nxd5
15. Bg5 Bxa3 16. bxa3 Nc3 17. Rde1 Qc5 18. Kb2 Na4+ 19. Kc1 Qxa3+ 20. Kd1 Nc3+
0-1